000 00771nam a2200205 i 4500
001 94648
003 ES-MaACL
005 20230906181527.0
007 t|
008 050511s1931 fr ||||1| fre d
100 1 _aLote, René.
_974293
245 1 4 _aLes visages de l'Allemagne à travers la géographie et l'histoire
_b: paysages, villes, arts, civilisation /
_cRené Lote ; dessins de Marthe Rouyer et de Roger Ramus.
260 _aGrenoble :
_bDidier & Richard,
_c[1931]
300 _a147 p. :
_bil. ;
_c25 cm.
500 _aExtrait des Annales de l'Université de Grenoble, Section lettres-droit, 2e trimestre 1931.
651 4 _aAlemania-
_zHistoria.
_97658
700 1 _aRouyer, Marthe.
_9164287
700 1 _aRamus, Roger.
_9164288
852 _aES-MaACL
_jA-2173
999 _c94648
_d94648